000
00277nam a2200109Ia 4500
008
220216s9999 xx 000 0 und d
245
0
_a
Crumb rubber industry facing a threat
260
_b
Rubber Asia
_c
1994
300
_a
123-124
650
_a
Crumb rubber industry
942
_c
JS
999
_c
56582
_d
56582